Tagung zur schlesischen Mundart

Titel: Tagung zur schlesischen Mundart
Verfasser:
In: Schlesischer Kulturspiegel, Band 43 (2008), Seite 59
alle Artikel anzeigen
Veröffentlicht: 2008
Format: Aufsatz
Sprache: Deutsch
Schlagworte:
Kein Bild verfügbar
X
alg: 39246711
001A    $01999:11-11-16 
001B    $03025:17-05-24 $t17:33:01.000 
001D    $01999:11-11-16 
001U    $0utf8 
001X    $00 
002@    $0Aox 
003@    $0392467119 
007A    $0392467119 $aHEB 
007T    $0Herdc0053922m 
010@    $ager 
011@    $a2008 
021A    $aTagung zur schlesischen Mundart 
028A    $#Preuß, Friedrich Wilhelm $71071496255 $8Preuß, Friedrich-Wilhelm$Z1943- [Tp1] $9359280269 
031A    $d43 $h59 $j2008 
039B    $aIn $8--Abvc--. Schlesischer Kulturspiegel. - Würzburg : Stiftung Kulturwerk Schlesien, 1966-. - ISSN 1437-5095 $x200800000430000941 $9047840838 
044K    $RMundart $ROstmitteldeutsch $74120326-4 $8Schlesisch [Ts1] $9085383635 
044K    $RRegionalsprache $#Dialects $#Régionalismes (linguistique) $#Dialekt Linguistik $#Regiolekt $#Mundarten $#Dialekte Linguistik $74040725-1 $8Mundart [Ts1] $9085111333 
044K    $RKongress $#Tagungsbericht $#Kongressschrift $74196709-4 $8Kongressbericht [Ts1] $9085988111 

lok: 39246711 78

exp: 39246711 78 1 #EPN
201B/01 $019-04-17 $t11:16:50.000 
201U/01 $0utf8 
203@/01 $0788564897 
208@/01 $a11-11-16 $be 
209A/01 $a/ $f000 $x00 
220C/01 $aTitelaufnehmer: wr 
220C/01 $aHerkunft: HI Marburg 
244Z/01 $2Trx $#Silesia $#Śląsk $#Sliezsko $#Slezsko $8--Trx--Schlesien $x01 $9391173987 
244Z/01 $2Trx $#Poola $#Lenkija $#Polija $#Polen Land $#Poland $#Lengyelország $#Poľsko $#Polsko $8--Trx--Polska$gkraj $x02 $9391345966 
244Z/01 $aGeschichte 2008 $x03 
244Z/01 $2Trx $#konverentsid, teaduslikud $#mokslinės konferencijos $#Conferences, scholarly $#konferenciák, tudományos $#konferencje naukowe $#konferencie, vedecké $#konference vědecké $#Tagungen $#obrady $#zasadania $8--Trx--Konferenzen, wissenschaftliche $x04 $9391373897 
244Z/01 $2Trx $#murded ja dialektid $#tarmės $#Dialects $#nyelvjárások $#gwary i dialekty $#nárečia a dialekty $#nářečí a dialekty $#Dialekte $#dialekty $#gwary $#nárečia $#dialekty $#nářečí $#dialekty $8--Trx--Mundarten und Dialekte $x05 $9391362488 
244Z/01 $2Trx $#keel, saksa $#kalba, vokiečių $#Language, German $#nyelv, német $#język niemiecki $#jazyk nemecký $#jazyk německý $8--Trx--Sprache, deutsche $x06 $9391359223 
244Z/01 $2Trx $8--Trx--Zeitschriftenaufsatz $x07 $9391384341 
244Z/01 $2Trx $#tegevusaruanne $#veiklos ataskaitos $#progress reports $#tevékenységi beszámolók $#sprawozdania z działalności $#správy o činnosti $#zprávy o činnosti $8--Trx--Tätigkeitsberichte $x08 $9391354353 
244Z/01 $2Trx $#uuringute aruanne $#mokslinės ataskaitos $#Research reports $#kutatói beszámolók $#sprawozdania z badań $#správy výskumné $#zprávy výzkumné $#Literaturberichte $#správy literárne $8--Trx--Forschungsberichte $x09 $9391383523 
245Z/01 $a01.05 $x01 
247C/01 $82080>Marburg/Lahn, Herder-Institut, Forschungsbibliothek, Bibliographieportal $9336309341
LEADER 00000caa a22000002c 4500
001 392467119
003 DE-603
005 20240517173301.0
007 tu
008 161111s2008 xx |||| | u00||u|ger c
035 |a (DE-599)HEB392467119 
040 |a DE-603  |b ger  |c DE-603  |d DE-603 
041 |a ger 
100 1 |a Preuß, Friedrich-Wilhelm  |d 1943-  |0 (DE-603)359280269  |0 (DE-588)1071496255  |2 gnd 
245 0 0 |a Tagung zur schlesischen Mundart 
264 0 |c 2008 
650 7 |a Schlesisch  |0 (DE-588)4120326-4  |0 (DE-603)085383635  |2 gnd 
650 7 |a Mundart  |0 (DE-588)4040725-1  |0 (DE-603)085111333  |2 gnd 
650 7 |a Kongressbericht  |0 (DE-588)4196709-4  |0 (DE-603)085988111  |2 gnd 
773 0 8 |i In  |t Schlesischer Kulturspiegel  |d Würzburg : Stiftung Kulturwerk Schlesien, 1966-  |h 30 cm  |x 1437-5095  |g Band 43 (2008), Seite 59  |w (DE-603)047840838  |w (DE-600)548314-1 
924 0 |9 2080  |a (DE-603)788564897  |b DE-2080  |c HES  |d d  |g /